000
00319nam a2200157Ia 4500
100
_a
Laxman/R.K
650
_a
Fiction
942
_c
BK
366
_f
17.5
245
_a
Common man takes a stroll
260
_b
Penguin Books
_c
1999
082
_a
808.83/LAX
_b
LAX
300
_a
208
546
_a
ENGLISH
999
_c
20882
_d
20882